Trends of Socio- Economic Change in India: (Record no. 210127)

MARC details
000 -LEADER
fixed length control field 00635nam a22001817a 4500
005 - DATE AND TIME OF LATEST TRANSACTION
control field 20250306142332.0
010 ## - LCCN (DPL NO)
LC control number ENG-143970
020 ## - INTERNATIONAL STANDARD BOOK NUMBER
International Standard Book Number 9789382396246
Terms of availability 690.00
035 ## - SYSTEM CONTROL NUMBER
System control number EN-127502
037 ## - SOURCE OF ACQUISITION
Stock number DBAD
082 ## - DEWEY DECIMAL CLASSIFICATION NUMBER
Edition number 2
Classification number 306.0954
245 ## - TITLE STATEMENT
Title Trends of Socio- Economic Change in India:
Remainder of title 1871- 1961/
Statement of responsibility, etc Edited By M.K Chaudhuri
260 ## - PUBLICATION, DISTRIBUTION, ETC. (IMPRINT)
Place of publication, distribution, etc Shimla
Name of publisher, distributor, etc The secretaty ,Indian institute of advanced study
Date of publication, distribution, etc 2015
270 ## - ADDRESS
Address The secretaty ,Indian institute of advanced study,Rashtrapati Nivas,Shimla
300 ## - PHYSICAL DESCRIPTION
Extent 592p.
Dimensions 25cm.(hb)
700 ## - ADDED ENTRY--PERSONAL NAME
Personal name Chaudhuri, M.K
Relator term Editor
9 (RLIN) 79330
942 ## - ADDED ENTRY ELEMENTS (KOHA)
Source of classification or shelving scheme Dewey Decimal Classification
Item type English Books
Classification part 306.0954
Call number suffix TRE
Holdings
Withdrawn status Lost status Not for loan Collection code Home library Current library Date acquired Source of acquisition Cost, normal purchase price Full call number Barcode Copy number Cost, replacement price Koha item type
    Not For Loan Non-fiction D.B.Act.Division D.B.Act.Division 06/03/2025 Delivery of Books Act Division 690.00 306.0954 TRE EN-127502 1 690.00 English Books

© Delhi Public Library
Hit Counter
free hit counter